North American Sports Teams 1945-46 - Statistics

General Stats
  • This quiz has been taken 12 times
  • The average score is 29 of 56
Answer Stats
Hint Answer % Correct
Illinois NFL: Chicago Bears
80%
Illinois NHL: Chicago Black Hawks
80%
Illinois MLB: Chicago Cubs
80%
Ohio MLB: Cincinnati Reds
80%
Michigan NFL: Detroit Lions
80%
Michigan NHL: Detroit Red Wings
80%
Michigan MLB: Detroit Tigers
80%
Wisconsin NFL: Green Bay Packers
80%
Tennessee NAL: Memphis Red Sox
80%
Pennsylvania MLB: Philadelphia Athletics
80%
Pennsylvania NFL: Philadelphia Eagles
80%
Pennsylvania MLB: Philadelphia Phillies
80%
Pennsylvania MLB: Pittsburgh Pirates
80%
Pennsylvania NFL: Pittsburgh Steelers
80%
Missouri MLB: St. Louis Browns
80%
Ontario NHL: Toronto Maple Leafs
80%
DC MLB: Washington Senators
80%
Ohio NBL: Youngstown Bears
80%
Massachusetts NHL: Boston Bruins
70%
Massachusetts MLB: Boston Red Sox
70%
New York MLB: Brooklyn Dodgers
70%
Illinois NFL: Chicago Cardinals
70%
Illinois MLB: Chicago White Sox
70%
Ohio MLB: Cleveland Indians
70%
Quebec NHL: Montreal Canadiens
70%
New York NFL: New York Giants
70%
New York MLB: New York Giants
70%
New York NHL: New York Rangers
70%
Wisconsin NBL: Sheboygan Redskins
70%
Missouri MLB: St. Louis Cardinals
70%
DC NFL: Washington Redskins
70%
Massachusetts MLB: Boston Braves
60%
New York MLB: New York Yankees
60%
Ohio NFL: Cleveland Rams
50%
New York NBL: Rochester Royals
50%
Missouri NAL: Kansas City Monarchs
30%
Maryland ASL: Baltimore Americans
20%
Maryland ASL: Baltimore S.C.
20%
Alabama NAL: Birmingham Black Barons
20%
New York ASL: Brookhatten
20%
Illinois NAL: Chicago American Giants
20%
Ohio NAL: Cincinnati Clowns
20%
Ohio NAL: Cleveland Buckeyes
20%
New Jersey ASL: Kearny Celtic
20%
New Jersey ASL: Kearny Scots
20%
New York ASL: New York Americans
20%
Pennsylvania ASL: Philadelphia Americans
20%
Pennsylvania ASL: Philadelphia Nationals
20%
New York ASL: Brooklyn Hispano
10%
New York ASL: Brooklyn Wanderers
10%
Illinois NBL: Chicago American Gears
10%
Ohio NBL: Cleveland Allmen Transfers
10%
Indiana NBL: Fort Wayne Zollner Pistons
10%
Indiana NBL: Indianapolis Kautskys
10%
Wisconsin NBL: Oshkosh All-Stars
10%
Massachusetts NFL: Yanks
10%
No matching quizzes found
Score Distribution
Percent of People with Each Score
Percentile by Number Answered
Your Score History
You have not taken this quiz